000 00391nam a2200145Ia 4500
008 230917s9999||||xx |||||||||||||| ||und||
040 _e171514
_aMAIN
041 _aEnglish
082 _a891.432741 SJ23A
100 _aशर्मा, जगदीश
245 0 _aअजगर
260 _aजयपुर
_bसाहित्यगार
_c1955
300 _a44 पृ. p.
942 _cHN
999 _c96357
_d96357